[Event "AUTO-OPEN-1092"]
[Site "http://www.queenalice.com/game.php?id=387254"]
[Date "2008.4.14"]
[Round "1"]
[White "luizantoniosetti"]
[Black "yan_malaniuk"]
[Result "1-0"]
[WhiteElo "1671"]
[BlackElo "1946"]

1. Nf3 Nf6 2. d3 d5 3. Nbd2 g6 4. g3 Bg7 5. Bg2 O-O 6. O-O Nc6 7. e4 dxe4 8.
Nxe4 e5 9. Bg5 h6 10. Bxf6 Bxf6 11. Nxf6+ Qxf6 12. Re1 Re8 13. Re3 Bd7 14. Qd2
Rad8 15. d4 exd4 16. Rxe8+ Bxe8 17. Qxh6 Qg7 18. Qf4 f6 19. h4 Nb8 20. Nxd4 g5
21. Qe3 Bf7 22. Nf5 1-0

[Event "AUTO-OPEN-1092"]
[Site "http://www.queenalice.com/game.php?id=387255"]
[Date "2008.4.14"]
[Round "1"]
[White "yan_malaniuk"]
[Black "luizantoniosetti"]
[Result "1/2-1/2"]
[WhiteElo "1976"]
[BlackElo "1624"]

1. e4 e6 2. d4 d5 3. exd5 exd5 4. Bd3 Nf6 5. Ne2 Be7 6. O-O O-O 7. b3 Re8 8. Bb2
c6 9. c4 Bd6 10. h3 Re7 11. Nd2 Bb4 12. Nf3 Ne4 13. cxd5 cxd5 14. a3 Bd6 15. Rc1
1/2-1/2

[Event "AUTO-OPEN-1092"]
[Site "http://www.queenalice.com/game.php?id=387282"]
[Date "2008.4.14"]
[Round "1"]
[White "Fischercat"]
[Black "yan_malaniuk"]
[Result "0-1"]
[WhiteElo "1810"]
[BlackElo "1859"]

1. e4 c5 2. Bc4 e6 3. Nf3 a6 4. d3 b5 5. Bb3 Bb7 6. Nc3 Nc6 7. O-O Nge7 8. Bf4
Ng6 9. Ne2 d5 10. exd5 exd5 11. Re1 c4 12. Ned4+ Be7 13. Nxc6 Bxc6 14. Ne5 Bb7
15. Nxg6 hxg6 16. Qd2 O-O 17. Qe3 Bf6 18. d4 cxb3 19. axb3 Re8 20. Qg3 Bxd4 21.
c3 Bf6 22. Rxe8+ Qxe8 23. h4 d4 24. cxd4 Bxd4 25. h5 gxh5 26. Kf1 b4 27. Ra5 g6
28. Rxh5 Kg7 29. Bh6+ Kg8 30. Rg5 Bxb2 31. Qc7 Rc8 32. Qf4 Rc1+ 0-1

[Event "AUTO-OPEN-1092"]
[Site "http://www.queenalice.com/game.php?id=387283"]
[Date "2008.4.14"]
[Round "1"]
[White "yan_malaniuk"]
[Black "Fischercat"]
[Result "1-0"]
[WhiteElo "2017"]
[BlackElo "1763"]

1. e4 e5 2. Nf3 Nc6 3. Bb5 Nf6 4. d3 h6 5. c3 Bc5 6. Bxc6 bxc6 7. Nxe5 d6 8.
Nxc6 Qd7 9. Nd4 Bxd4 10. cxd4 O-O 11. O-O Qc6 12. d5 Qb5 13. Nc3 Qe8 14. Be3 a6
15. Bd4 Qe7 16. h3 Qd7 17. Bxf6 gxf6 18. Qh5 Kh7 19. g4 Rg8 20. Kh2 Qe7 21. f4
Bd7 22. Rg1 Rg7 23. Raf1 Rag8 24. Ne2 f5 25. g5 Rg6 26. Nd4 fxe4 27. h4 f5 28.
Re1 Qg7 29. Ne6 Bxe6 30. dxe6 Rxe6 31. dxe4 Rxe4 32. Rxe4 fxe4 33. f5 Qe5+ 34.
Kh1 Qg7 35. g6+ 1-0

[Event "AUTO-OPEN-1092"]
[Site "http://www.queenalice.com/game.php?id=387302"]
[Date "2008.4.14"]
[Round "1"]
[White "yan_malaniuk"]
[Black "neijrodrigues"]
[Result "0-1"]
[WhiteElo "1967"]
[BlackElo "2106"]

1. e4 d5 2. exd5 Qxd5 3. Nc3 Qa5 4. d4 Nf6 5. Nf3 Bf5 6. Bd3 c6 7. Ne5 Bxd3 8.
Qxd3 e6 9. O-O Nbd7 10. Bd2 Nxe5 11. dxe5 Qxe5 12. Rfe1 Qd6 13. Qe2 Be7 14. Rad1
Qc7 15. f4 O-O 16. f5 Bc5+ 17. Kh1 exf5 18. h3 Rae8 19. Qf3 Rxe1+ 20. Rxe1 g6
21. g4 Bb4 22. gxf5 Nh5 23. a3 Bc5 24. Bh6 Rd8 25. Ne4 Bd4 26. c3 Bg7 27. Qxh5
gxh5 28. Rg1 Qe5 0-1

[Event "AUTO-OPEN-1092"]
[Site "http://www.queenalice.com/game.php?id=387303"]
[Date "2008.4.14"]
[Round "1"]
[White "neijrodrigues"]
[Black "yan_malaniuk"]
[Result "1/2-1/2"]
[WhiteElo "2114"]
[BlackElo "1949"]

1. Nf3 Nf6 2. g3 g6 3. Bg2 Bg7 4. d3 d5 5. O-O O-O 6. Nbd2 c6 7. c3 Nfd7 8. e4
e5 9. Re1 Na6 10. b4 Nc7 11. a4 a5 12. Nb3 axb4 13. cxb4 d4 14. Bg5 f6 15. Bd2
Kh8 16. Qc2 Re8 17. Rec1 Ne6 18. h4 Bf8 19. Nh2 Bd6 20. Qd1 c5 21. b5 Ndf8 22.
h5 b6 23. a5 Bb7 24. a6 Bc8 25. Rab1 Ra7 26. Bh6 Bd7 27. Nd2 Nc7 28. Bxf8 Rxf8
29. Nc4 Nxb5 1/2-1/2

[Event "Challenge"]
[Site "http://www.queenalice.com/game.php?id=387507"]
[Date "2008.4.14"]
[Round "-"]
[White "yan_malaniuk"]
[Black "whyBish"]
[Result "0-1"]
[WhiteElo "2033"]
[BlackElo "1817"]

1. e4 c5 2. Na3 Nc6 3. c3 Nf6 4. Qc2 e6 5. Nf3 d5 6. e5 Nd7 7. Bb5 a6 8. Bxc6
bxc6 9. O-O Be7 10. d3 O-O 11. Bf4 f6 12. Bg3 fxe5 13. Nxe5 Nxe5 14. Bxe5 Bd6
15. Qe2 Bxe5 16. Qxe5 Rf5 17. Qe3 Qe7 18. d4 cxd4 19. cxd4 e5 20. Nc2 Bd7 21.
Rae1 e4 22. f3 Re8 23. fxe4 Rxf1+ 24. Kxf1 Rf8+ 25. Kg1 Qxe4 26. Qxe4 dxe4 27.
Rxe4 Bf5 0-1

[Event "Challenge"]
[Site "http://www.queenalice.com/game.php?id=388100"]
[Date "2008.4.15"]
[Round "-"]
[White "yan_malaniuk"]
[Black "shogun"]
[Result "0-1"]
[WhiteElo "1957"]
[BlackElo "2528"]

1. Nf3 c5 2. e4 d6 3. b3 Nc6 4. Bb2 Nf6 5. d3 g6 6. c3 Bg7 7. Be2 O-O 8. O-O d5
9. e5 Nh5 10. g3 Qb6 11. Nbd2 Bg4 12. d4 Rfd8 13. Kg2 Rac8 14. h3 Bd7 15. a3
cxd4 16. cxd4 a5 17. Bd3 Bh6 18. Bc2 Rc7 19. Rc1 Ng7 20. Qe2 Ne6 21. Qd3 Nxe5
22. Nxe5 Bb5 23. Qf3 Bxf1+ 24. Nxf1 Bxc1 25. Qxf7+ Kh8 26. Bxc1 Rxc2 27. Bh6
Qxd4 28. Ng4 Qe4+ 29. Kh2 Qf5 0-1

[Event "Challenge"]
[Site "http://www.queenalice.com/game.php?id=388101"]
[Date "2008.4.15"]
[Round "-"]
[White "shogun"]
[Black "yan_malaniuk"]
[Result "1-0"]
[WhiteElo "2524"]
[BlackElo "2033"]

1. e4 c5 2. Nf3 e6 3. d4 cxd4 4. Nxd4 a6 5. Nc3 Qc7 6. g3 d6 7. a4 b6 8. Bg2 Bb7
9. O-O Nf6 10. Qe2 Nbd7 11. f4 Be7 12. e5 Ng8 13. f5 dxe5 14. fxe6 Ndf6 15.
exf7+ Kxf7 16. Bxb7 exd4 17. Bxa8 dxc3 18. Bd5+ Kf8 19. Kg2 Ke8 20. bxc3 1-0

[Event "AUTO-OPEN-1094"]
[Site "http://www.queenalice.com/game.php?id=388167"]
[Date "2008.4.15"]
[Round "1"]
[White "Velasquez"]
[Black "yan_malaniuk"]
[Result "1/2-1/2"]
[WhiteElo "1435"]
[BlackElo "1976"]

1. e4 c5 2. Nc3 e6 3. Bc4 a6 4. a3 b5 5. Ba2 Bb7 6. d3 Nc6 7. Nf3 Qc7 8. Be3 d6
9. Bf4 Nf6 10. O-O Be7 11. Re1 Nd7 12. Be3 Rd8 13. Qd2 Nb6 14. Bf4 O-O 15. Ne2
Kh8 16. Nc1 e5 17. Be3 d5 18. exd5 Nxd5 19. Bxd5 Rxd5 20. b3 c4 21. bxc4 bxc4
22. d4 Nxd4 23. Nxd4 exd4 24. Bf4 Bd6 1/2-1/2

[Event "AUTO-OPEN-1094"]
[Site "http://www.queenalice.com/game.php?id=388168"]
[Date "2008.4.15"]
[Round "1"]
[White "yan_malaniuk"]
[Black "Velasquez"]
[Result "1/2-1/2"]
[WhiteElo "1977"]
[BlackElo "1491"]

1. e4 e6 2. c4 d5 3. exd5 exd5 4. d4 Nf6 5. Nc3 Bb4 6. Nf3 O-O 7. a3 Bxc3+ 8.
bxc3 Re8+ 9. Be2 dxc4 10. O-O b5 11. a4 c6 12. axb5 cxb5 13. Ne5 Bb7 14. Bg5
Nbd7 15. Nxd7 Qxd7 16. Bxf6 gxf6 17. Bf3 Kh8 18. Bxb7 Qxb7 19. Qh5 Rg8 20. g3 a5
21. Qf5 Rg6 22. Rfb1 Rb8 23. Rxa5 Qc7 24. Raxb5 Rxb5 25. Qxb5 Kg7 26. Rb4 Rg5
27. Qxc4 Qa7 28. Ra4 Qb7 29. Ra6 Rf5 30. Rc6 Qb1+ 31. Qf1 Qe4 32. Rc5 1/2-1/2

[Event "AUTO-OPEN-1094"]
[Site "http://www.queenalice.com/game.php?id=388189"]
[Date "2008.4.15"]
[Round "1"]
[White "yan_malaniuk"]
[Black "xadrezpetry"]
[Result "1/2-1/2"]
[WhiteElo "1949"]
[BlackElo "1353"]

1. e4 e6 2. c4 Bc5 3. d4 Bb4+ 4. Bd2 Nc6 5. Nf3 a5 6. a3 Bxd2+ 7. Qxd2 e5 8.
dxe5 Qe7 9. Nc3 Ra6 10. Nd5 Qd8 11. Be2 Nh6 12. O-O O-O 13. b4 axb4 14. axb4
Rxa1 15. Rxa1 1/2-1/2

[Event "AUTO-OPEN-1094"]
[Site "http://www.queenalice.com/game.php?id=388190"]
[Date "2008.4.15"]
[Round "1"]
[White "xadrezpetry"]
[Black "yan_malaniuk"]
[Result "0-1"]
[WhiteElo "1416"]
[BlackElo "1946"]

1. e3 d5 2. Bb5+ c6 3. Ba4 e5 4. b3 b5 5. Bxb5 cxb5 6. c4 bxc4 7. bxc4 Nf6 8.
cxd5 Nxd5 9. Qa4+ Qd7 10. Qe4 Bb7 11. Qxe5+ Be7 12. Qxg7 Bf6 13. Qg3 Bxa1 14. h4
Na6 15. Nh3 O-O-O 16. O-O Rhg8 17. Ng5 f6 18. e4 Ndc7 19. d4 fxg5 20. Bxg5 h6
21. Rc1 hxg5 22. hxg5 Bxd4 23. Rd1 Bxf2+ 24. Kxf2 Qxd1 0-1

[Event "AUTO-OPEN-1094"]
[Site "http://www.queenalice.com/game.php?id=388191"]
[Date "2008.4.15"]
[Round "1"]
[White "yan_malaniuk"]
[Black "thayan"]
[Result "1-0"]
[WhiteElo "1957"]
[BlackElo "1380"]

1. e4 d5 2. exd5 Qxd5 3. Nc3 Qe6+ 4. Be2 Qc6 5. Nf3 Bg4 6. d4 Bxf3 7. Bxf3 Qe6+
8. Be3 Nf6 9. Bxb7 Qb6 10. Bxa8 Qxb2 11. Bd2 c6 12. Rb1 Qa3 13. Rxb8+ Kd7 14.
Bxc6+ Kxc6 15. Qf3+ Kc7 16. Qb7+ Kd6 17. Nb5+ Ke6 18. Nxa3 g6 19. Qc8+ Nd7 20.
d5+ Kf6 21. Bc3+ Ne5 22. f4 Bh6 23. Bxe5# 1-0

[Event "AUTO-OPEN-1094"]
[Site "http://www.queenalice.com/game.php?id=388192"]
[Date "2008.4.15"]
[Round "1"]
[White "thayan"]
[Black "yan_malaniuk"]
[Result "0-1"]
[WhiteElo "1442"]
[BlackElo "1926"]

1. d4 Nf6 2. a3 e6 3. Nc3 b6 4. Bg5 Be7 5. Bxf6 Bxf6 6. Nf3 d5 7. e3 O-O 8. g4
Re8 9. h4 Be7 10. Qd3 Ba6 11. Qd2 Bxf1 12. Rxf1 c5 13. Rg1 Nc6 14. Qd3 Bf8 15.
Ng5 g6 16. f4 f6 17. Nf3 cxd4 18. exd4 f5 19. g5 Bd6 20. Qd2 Rc8 21. Nb5 Bb8 22.
O-O-O Na5 23. Rge1 Nb3+ 24. Kb1 Nxd2+ 25. Rxd2 Bxf4 26. Rd3 a6 27. Na7 Rc7 28.
Rf1 Rxa7 29. c3 b5 30. Nd2 Bxd2 31. Rxd2 a5 32. Re2 b4 33. axb4 axb4 34. cxb4
Qb6 35. Rc1 Qxd4 36. Rec2 Qd3 37. b5 Rea8 38. b3 Ra1+ 39. Kb2 R8a2# 0-1

[Event "AUTO-OPEN-1095"]
[Site "http://www.queenalice.com/game.php?id=388737"]
[Date "2008.4.16"]
[Round "1"]
[White "daga2008"]
[Black "yan_malaniuk"]
[Result "0-1"]
[WhiteElo "1432"]
[BlackElo "1976"]

1. e4 c5 2. c4 Nc6 3. Nf3 e5 4. Nc3 d6 5. g3 Bg4 6. h3 Bxf3 7. Qxf3 Nd4 8. Qd3
Ne7 9. Ne2 Nec6 10. a3 Be7 11. Nxd4 Nxd4 12. b3 O-O 13. Bg2 Qd7 14. Qc3 b5 15.
d3 a5 16. Be3 b4 17. axb4 axb4 18. Qb2 Rxa1+ 19. Bc1 Rfa8 20. Qd2 R8a2 21. Qd1
Rc2 22. Be3 Re2+ 23. Kf1 Rxd1# 0-1

[Event "AUTO-OPEN-1095"]
[Site "http://www.queenalice.com/game.php?id=388738"]
[Date "2008.4.16"]
[Round "1"]
[White "yan_malaniuk"]
[Black "daga2008"]
[Result "1/2-1/2"]
[WhiteElo "1976"]
[BlackElo "1418"]

1. e4 e5 2. Nf3 Nc6 3. Bb5 a6 4. Ba4 b5 5. Bb3 Bb7 6. c3 Nf6 7. Qe2 Na5 8. Bc2
Bxe4 9. Bxe4 d5 10. Bc2 e4 11. d3 Qe7 12. Nfd2 exd3 13. Qxe7+ Bxe7 14. Bxd3 O-O
15. O-O Rae8 16. Nf3 Bd6 17. h3 h6 18. Nbd2 c5 19. Bc2 g6 20. Nb3 Nc4 21. Bxh6
Re2 22. Bd3 1/2-1/2

[Event "AUTO-OPEN-1095"]
[Site "http://www.queenalice.com/game.php?id=388759"]
[Date "2008.4.16"]
[Round "1"]
[White "yan_malaniuk"]
[Black "emredostmetu"]
[Result "0-1"]
[WhiteElo "1957"]
[BlackElo "2125"]

1. e4 c5 2. Nf3 d6 3. Bb5+ Bd7 4. Bxd7+ Nxd7 5. b3 Ngf6 6. Qe2 g6 7. Bb2 Bg7 8.
O-O O-O 9. c3 Nh5 10. g3 a6 11. d4 b5 12. Nbd2 Rc8 13. d5 e5 14. a4 Qb6 15. Ra2
c4 16. a5 Qc7 17. b4 Bh6 18. Nh4 Ng7 19. f4 exf4 20. gxf4 f5 21. Raa1 Rce8 22.
Ng2 Nf6 23. Rae1 fxe4 24. Bc1 Qb7 25. Ne3 Ngh5 26. f5 Nf4 0-1

[Event "AUTO-OPEN-1095"]
[Site "http://www.queenalice.com/game.php?id=388760"]
[Date "2008.4.16"]
[Round "1"]
[White "emredostmetu"]
[Black "yan_malaniuk"]
[Result "1/2-1/2"]
[WhiteElo "2150"]
[BlackElo "1916"]

1. d4 Nf6 2. c4 e6 3. Nc3 d5 4. Bg5 Be7 5. Nf3 a6 6. e3 dxc4 7. Bxc4 b5 8. Bd3
Nbd7 9. a3 c5 10. dxc5 Nxc5 11. Be2 Bb7 12. O-O O-O 13. Nd4 Qb6 14. b4 Ncd7 15.
Bf3 Rfd8 16. Bxb7 Qxb7 17. Qb3 Rac8 18. Rfd1 Nb6 19. Nf3 Nc4 20. Rxd8+ Bxd8 21.
Rd1 h6 22. Bh4 Be7 23. Rd3 Rd8 24. Rxd8+ Bxd8 25. a4 Be7 26. axb5 axb5 27. Nd4
Nd6 28. Qc2 Qc8 29. Qd3 g5 30. Bg3 Nde4 31. Ncxb5 Qc1+ 32. Qf1 Qxf1+ 33. Kxf1
Nxg3+ 34. hxg3 Bxb4 35. f3 1/2-1/2

[Event "AUTO-OPEN-1095"]
[Site "http://www.queenalice.com/game.php?id=388761"]
[Date "2008.4.16"]
[Round "1"]
[White "yan_malaniuk"]
[Black "PLDunton"]
[Result "0-1"]
[WhiteElo "1910"]
[BlackElo "1933"]

1. e4 e5 2. Nf3 Nc6 3. Bb5 d6 4. c3 Bd7 5. O-O Nf6 6. Re1 Be7 7. d4 exd4 8. cxd4
O-O 9. Nc3 a6 10. Bd3 b5 11. a3 Bg4 12. Be3 Qd7 13. Rc1 Na5 14. b3 c6 15. h3 Bh5
16. Be2 h6 17. Nd2 Bxe2 18. Qxe2 Qe6 19. Qd3 Nh7 20. d5 Qd7 21. dxc6 Nxc6 22.
Nd5 Ne5 23. Qb1 Bg5 24. f4 Bh4 25. fxe5 Bxe1 26. Rxe1 dxe5 27. Nb6 Qe7 28. Nxa8
Rxa8 29. b4 Qe6 30. Qb3 Qc6 31. Rf1 Qd7 32. Nf3 Re8 33. Qd5 Nf6 0-1

[Event "AUTO-OPEN-1095"]
[Site "http://www.queenalice.com/game.php?id=388762"]
[Date "2008.4.16"]
[Round "1"]
[White "PLDunton"]
[Black "yan_malaniuk"]
[Result "1-0"]
[WhiteElo "1917"]
[BlackElo "1926"]

1. e4 c5 2. Nf3 e6 3. d4 cxd4 4. Nxd4 a6 5. a3 b5 6. Be3 Bb7 7. Bd3 Nf6 8. Bg5
h6 9. Bh4 d6 10. Nd2 Nbd7 11. O-O Qb6 12. c3 Be7 13. Qe2 Nxe4 14. Bxe7 Nxd2 15.
Qxd2 Kxe7 16. Qe3 Qc7 17. Nf5+ Kf8 18. Ng3 Nf6 19. Rac1 Qc6 20. f3 Qc5 21. Qxc5
dxc5 22. b3 Ke7 23. Rfe1 Rhd8 24. Bf5 Rd2 25. Rc2 Rad8 26. Rcc1 g6 27. Bc2 Kf8
28. c4 bxc4 29. bxc4 Bc6 30. h3 Rb8 31. Bxg6 Rbb2 32. Be4 Rxg2+ 33. Kh1 1-0